Banda por estilo musical em um minuto - Statistics

Estatísticas Gerais
  • Esse quiz foi jogado 118 vezes
  • A pontuação média é 4 de 10
Estatísticas das Respostas
Hint Resposta % Correto
Black Sabbath, Iron Maiden, Judas Priest Heavy Metal
74%
Ramones, Sex Pistols Punk
58%
NIrvana, Pearl Jam, Alice in Chains, Soundgarden Grunge
57%
Linkin Park, Limp Bizkit, Korn, Deftones Nu Metal
49%
Led Zeppelin, Guns and Roses, Deep Purple, Rainbow Hard Rock
41%
Dragonforce, Helloween, Angra Power Metal
23%
Sepultura Death Metal
22%
Metallica, Anthrax, Megadeth, Slayer Thrash Metal
19%
Motley Crüe, Def Leppard, Twisted Sister Glam Metal
17%
Rush, Yes Rock Progressivo
17%
Nenhum quiz correspondente encontrado
Distribuição das Pontuações
Porcentagem de Pessoas com Cada Pontuação
Percentil de Números Respondidos
Sua Pontuação Histórica
Você não jogou esse quiz